Länder, die mit D beginnen - Karten-Quiz - Statistiken

Allgemein
  • Dieses Quiz wurde 396 mal gespielt
  • Das Durchschnittsergebnis liegt bei 5 aus 6
Antworten auf der Karte
Die Antworten werden auf der Karte rot bzw. grün angezeigt, abhängig davon wie oft sie richtig erraten wurden.
 
Antwortstatistiken
Land % Korrekt
Dänemark
99%
Deutschland
99%
Dominikanische Republik
91%
Demokratische Republik Kongo
90%
Dschibuti
84%
Dominica
80%
Keine übereinstimmenden Quizze gefunden
Verteilung der Resultate
Anzahl Personen mit jedem Resultat
Perzentil nach korrekt beantworteten Fragen
Ihre Resultats-Entwicklung
Sie haben dieses Quiz noch nicht gespielt